[Event "AUS-ch U16"]
[Site "Mooroolbark"]
[Date "2011.01.17"]
[Round "4"]
[White "O'Rourke, Ryan"]
[Black "Kanagarajah, Abbie"]
[Result "1-0"]
[WhiteElo "1342"]
[BlackElo "1392"]
[PlyCount "27"]
[EventDate "2011.01.15"]
[EventType "swiss"]
[EventRounds "9"]
[EventCountry "AUS"]
[SourceTitle "EXT 2013"]
[Source "ChessBase"]
[SourceDate "2012.11.22"]
[SourceVersion "1"]
[SourceVersionDate "2012.11.22"]
[SourceQuality "1"]

1. e4 e6 2. d4 d5 3. Nc3 Bb4 4. Nge2 dxe4 5. a3 Bxc3+ 6. Nxc3 Nc6 7. Bb5 Nge7 8. Bg5 Bd7 9. Nxe4 0-0 10. Nf6+ gxf6 11. Bxf6 Qe8 12. Bxc6 Bxc6 13. Qh5 Be4 14. Qh6 1-0

[Event "Doeberl Cup Minor 48th"]
[Site "Canberra"]
[Date "2010.04.02"]
[Round "2"]
[White "Dale, Ari"]
[Black "O'Rourke, Ryan"]
[Result "1-0"]
[WhiteElo "1388"]
[BlackElo "1142"]
[PlyCount "97"]
[EventDate "2010.04.02"]
[EventType "swiss"]
[EventRounds "7"]
[EventCountry "AUS"]
[SourceTitle "EXT 2012"]
[Source "ChessBase"]
[SourceDate "2011.11.24"]
[SourceVersion "1"]
[SourceVersionDate "2011.11.24"]
[SourceQuality "1"]

1. e4 c6 2. Nc3 d5 3. Nf3 Bg4 4. d4 e6 5. Be2 Nf6 6. e5 Nfd7 7. Bf4 c5 8. Ng5 Bxe2 9. Nxe2 Qb6 10. Rb1 Nc6 11. c3 cxd4 12. Nxd4 Ncxe5 13. 0-0 Ng6 14. Qf3 Nxf4 15. Qxf4 Nf6 16. Rfe1 Bd6 17. Qh4 0-0 18. Re3 h6 19. Rh3 Bc5 20. Ngf3 Ne4 21. Re1 Qxb2 22. g4 Qxc3 23. Re3 Qa1+ 24. Re1 Qc3 25. Re3 Qc1+ 26. Kg2 Bxd4 27. Nxd4 Ng5 28. Rhg3 Qb2 29. Nf3 Nxf3 30. Rexf3 Qe5 31. g5 Qe4 32. Rg4 Qh7 33. gxh6 g6 34. Rfg3 Rfc8 35. Qg5 Rc4 36. h4 Rxg4 37. Rxg4 Kf8 38. h5 gxh5 39. Qxh5 Rc8 40. Qe5 Ke7 41. Qb2 b6 42. Qa3+ Kf6 43. Rf4+ Ke5 44. Qg3 Qh8 45. Rc4+ Kf5 46. Qf3+ Kg6 47. Rg4+ Kh7 48. Qxf7+ Kxh6 49. Qg6# 1-0

[Event "Doeberl Cup Minor 47th"]
[Site "Canberra"]
[Date "2009.04.10"]
[Round "1"]
[White "O'Rourke, Ryan"]
[Black "Tracey, Michael"]
[Result "1-0"]
[WhiteElo "1073"]
[BlackElo "1418"]
[PlyCount "149"]
[EventDate "2009.04.10"]
[EventType "swiss"]
[EventRounds "6"]
[EventCountry "AUS"]
[SourceTitle "CBM 129 Extra"]
[Source "ChessBase"]
[SourceDate "2009.05.05"]
[SourceVersion "2"]
[SourceVersionDate "2009.05.20"]
[SourceQuality "1"]

1. e4 c5 2. Nf3 d6 3. d4 cxd4 4. Nxd4 Nf6 5. Nc3 g6 6. Be3 Bg7 7. f3 0-0 8. Qd2 Nc6 9. Bc4 Bd7 10. 0-0-0 Ne5 11. Bb3 Rc8 12. Kb1 a6 13. g4 Nc4 14. Bxc4 Rxc4 15. h4 h5 16. gxh5 Nxh5 17. a3 b5 18. Nd5 a5 19. Qd3 Re8 20. a4 Rc8 21. Nxb5 Bxb5 22. axb5 a4 23. b6 Qd7 24. Nc7 Red8 25. Nd5 e6 26. Nc7 Qc6 27. Qa6 Ra8 28. Nxa8 Rxa8 29. Rxd6 Qe8 30. Qd3 Kh7 31. Bd4 Bf8 32. b7 Bxd6 33. bxa8Q Qxa8 34. Ka2 Nf4 35. Qe3 Qc6 36. Qc3 Qd7 37. Be5 Qe7 38. Bxd6 Qxd6 39. Qa5 Qc6 40. c3 Qc4+ 41. Ka1 Nd3 42. Qb6 Nc5 43. Qb4 Nb3+ 44. Kb1 Qd3+ 45. Ka2 Qxf3 46. Re1 Qf2 47. Rh1 Qc2 48. Qxa4 Nc1+ 49. Ka3 Qd2 50. Rd1 Qe3 51. Qd4 Qh6 52. Rf1 Qf8+ 53. Ka4 Qa8+ 54. Kb5 Qb7+ 55. Qb6 Qd7+ 56. Qc6 Qd3+ 57. Qc4 Qd7+ 58. Qc6 Qd3+ 59. Qc4 Qd7+ 60. Kb6 Nd3 61. Qd4 Qxd4+ 62. cxd4 f5 63. exf5 gxf5 64. b3 Kg6 65. Rf3 Nb4 66. Kb5 Nd5 67. Kc5 Kf6 68. b4 f4 69. b5 Kf5 70. b6 Nxb6 71. Kxb6 Kg4 72. Rf1 Kf5 73. Kc5 e5 74. dxe5 Kxe5 75. h5 1-0